Night and day
| Main Author: | |
|---|---|
| Format: | Book |
| Published: |
Shah Alam :
STP Distributors (M) Sdn Bhd ,
19__
|
| Series: | Disney's magic english
|
| Subjects: |
MARC
| LEADER | 00000cam a2200000 7i4500 | ||
|---|---|---|---|
| 001 | 0000024708 | ||
| 002 | 000026669 | ||
| 005 | 20000330.0 | ||
| 020 | |a T000002203 | ||
| 090 | 0 | 0 | |a JR 420 |b DIS |
| 100 | 0 | |a Disney's | |
| 245 | 1 | 0 | |a Night and day |
| 260 | |a Shah Alam : |b STP Distributors (M) Sdn Bhd , |c 19__ | ||
| 300 | |a 18p. : |b ill. ; |c 28cm. | ||
| 490 | 0 | |a Disney's magic english | |
| 650 | 0 | 0 | |a English language |x Juvenile literature |
| 999 | |a 077014 |b BUKU |c RUJUKAN |e PERPUSTAKAAN KOMUNITI PETALING JAYA | ||